|
|
|
|
| LEADER |
01568cam a2200313 i 4500 |
| 001 |
4252563 |
| 003 |
GR-PaULI |
| 005 |
20221209134338.0 |
| 008 |
890506s1983 gw 000 0 ger |
| 952 |
|
|
|0 0
|1 0
|2 ddc
|4 0
|6 701_000000000000000_SCH
|7 0
|9 366454
|a LISP
|b LISP
|c BSC
|d 2022-12-09
|i 258666
|l 0
|o 701 SCH
|p 025000296072
|r 2022-12-09 00:00:00
|t 1
|w 2022-12-09
|y BK15
|
| 999 |
|
|
|c 214117
|d 214117
|
| 020 |
|
|
|a 9783787305421
|
| 020 |
|
|
|a 9783787326495
|q ebook
|
| 040 |
|
|
|a DLC
|c DLC
|d GR-PaULI
|b gre
|e AACR
|
| 082 |
0 |
4 |
|2 23
|a 701
|
| 100 |
1 |
|
|a Schelling, Friedrich Wilhelm Joseph von,
|d 1775-1854,
|9 7988
|e συγγραφέας
|
| 245 |
1 |
0 |
|a Über das Verhältnis der bildenden Künste zu der Natur :
|b mit einer Bibliographie zu Schellings Kunstphilosophie /
|c F.W.J. Schelling ; eingeleitet und herausgegeben von Lucia Sziborsky.
|
| 246 |
1 |
8 |
|a Verhältnis der bildenden Künste zur Natur
|
| 260 |
|
|
|a Hamburg :
|b Felix Meiner,
|c c1983.
|
| 300 |
|
|
|a xxxix, 92 σ. ;
|c 19 εκ.
|
| 490 |
0 |
|
|a Philosophische Bibliothek ;
|v Bd. 344
|
| 500 |
|
|
|a Το κείμενο είναι αναπαραγωγή του πρωτότυπου που εκδόθηκε το 1807 με τον τίτλο: Ueber das Verhältniss der bildenden Künste zu der Natur.
|
| 504 |
|
|
|a Βιβλιογραφία: σ. [81]-92.
|
| 650 |
|
4 |
|a Τέχνη
|x Φιλοσοφία
|9 3628
|
| 650 |
|
4 |
|a Φιλοσοφία της φύσης
|9 559
|
| 700 |
1 |
|
|a Sziborsky, Lucia
|9 26794
|e συγγραφέας εισαγωγής
|
| 830 |
|
|
|a Philosophische Bibliothek
|9 157371
|
| 942 |
|
|
|2 ddc
|c BK
|
| 998 |
|
|
|c ΓΚΟΓΚΟΥ
|d 2022-12
|